| 000 | 00510nam a22001937a 4500 | ||
|---|---|---|---|
| 003 | CEME | ||
| 005 | 20210628202926.0 | ||
| 008 | 210104b xxu||||| |||| 00| 0 eng d | ||
| 020 | _a9788126547371 | ||
| 040 | _c. | ||
| 082 | _a658.5 GRO | ||
| 100 |
_aGroover, Mikell P _910254 |
||
| 245 | _aPrinciples of modern manufacturing ,si version | ||
| 250 | _a5TH | ||
| 260 |
_aINDIA _bWILEY _c2016 |
||
| 300 | _aXV, 1003P | ||
| 650 |
_aTEXTBOOK-DME.PRINCIPLES OF MODERN MANUFACTURING _962336 |
||
| 942 |
_cBK _2ddc |
||
| 999 |
_c571471 _d571471 |
||